00678 2200181 4500245004800000020002200048250001100070100002300081700002100104650001700125005001900142260001800161041001400179084000800193300002100201500026500222336000900487 aRelung rasa raisacLea Agustina CitrahText a978-602-9481-54-9 aCet. 1 aLea Agustina Citra aDonna Widjajanto aFiksi Remaja a20250131103022 aBandungc2013 aIndonesia a813 a310 hlm :c19 cm amimpi raisa adalah pergi ke jerman. dikirim pergi ke frankfurt book fair?ini melebihi mimpinya.Tapi ini adalah mimpi yang bersyarat,karena Raisa harusbmendapatkan hak terbit novel best seller agar bisa menyelamatkan kantor nya,AhA publishing dari kebangkruttan atext